| 000 | 00458nam a2200169 4500 | ||
|---|---|---|---|
| 020 | _a978-84-7829-025-3 | ||
| 050 | _aQC355.2 H4218 2000 | ||
| 082 | _a532.2 H748o 2000 | ||
| 100 | _aHecht, Eugene | ||
| 245 | _aÓptica / Eugene Hecht | ||
| 250 | _a3 | ||
| 260 | _aEspaña Madrid: Pearson Educación | ||
| 300 | _ax, 708 p. / 24 cm. | ||
| 500 | _aIncluye: ap‚ndice, tablas | ||
| 650 | _a1. ÓPTICA / 2. FÍSICA | ||
| 700 | _aI. Col, Raffaello, Dal. Tr. | ||
| 999 |
_c27809 _d27809 |
||